000 01960nam0a2200421 4500
001 RU\NLR\bibl\1358537
005 20260406153429.0
010 _a978-5-9704-1139-1
_93000
021 _aRU
_b2009-14832
_9880
035 _a(nilc)EL/0000254997
035 _a1VIL\RUSMED\0000136412
035 _aRSL-KNO-004256815
035 _a(NLR Aleph) 001350723
090 _a919118
_c919118
100 _a20090305d2009 |||y0rusy50 ca
101 0 _arus
102 _aRU
105 _aa |||||||||
200 1 _aЭндокринология
_eучебник
_eдля студентов медицинских вузов
_fИ. И. Дедов, Г. А. Мельниченко, В. В. Фадеев
205 _a2-е изд., перераб. и доп.
210 _aМосква
_cГЭОТАР-Медиа
_d2009
215 _a422 с.
_cил., цв. ил., табл.
_d22
300 _aВ начале кн. авт.: Дедов И.И. - проф., д.м.н., акад. РАН и РАМН, Мельниченко Г.А. - д.м.н., чл.-корр. РАМН, Фадеев В.В. - д.м.н., проф.
606 1 _aЭНДОКРИНОЛОГИЯ
_jучебники
_2rus_mesh
_3R4816
606 1 _aЭндокринология
_jУчебники для высших учебных заведений
_9925798
_3RU\NLR\auth\6621416
606 1 _aENDOCRINOLOGY
_2rus_mesh
_3E4816
686 _aР415.1я73-1
_2rubbk
686 _aР415.1я73-1
700 1 _4070
_8rus
_7ca
_aДедов
_bИ. И.
_cд-р мед. наук
_f1941-
_gИван Иванович
_3RU\NLR\auth\776363
_9116317
701 1 _aМельниченко
_bГ. А.
_gГалина Афанасьевна
_4070
701 1 _aФадеев
_bВ. В.
_gВалентин Викторович
_4070
801 0 _aRU
_bЦНМБ
_c20090305
_gPSBO
801 1 _aRU
_bЦНМБ
_c20090305
801 2 _aRU
_bNLR
_c20090420
_grcr
830 _aавт. по кн.
942 _cBOOK
980 _aNB